[Event "Sant Miquel Olerdola op 14th"]
[Site "Sant Miquel Olerdola"]
[Date "2023.04.28"]
[Round "3"]
[White "Marti Olivella, Gerard"]
[Black "Trevino Martinez, Cristobal"]
[Result "0-1"]
[WhiteElo "1883"]
[BlackElo "1662"]
[PlyCount "108"]
[EventDate "2023.04.14"]
[EventType "swiss"]
[EventRounds "8"]
[EventCountry "ESP"]
[SourceTitle "EXT 2024"]
[Source "ChessBase"]
[SourceDate "2023.10.10"]
[SourceVersion "1"]
[SourceVersionDate "2023.10.10"]
[SourceQuality "1"]

1. e4 e6 2. d4 d5 3. e5 c5 4. c3 Nc6 5. Nf3 Nge7 6. Na3 cxd4 7. cxd4 Qb6 8. Nc2 Bd7 9. Be2 Nf5 10. 0-0 Be7 11. b3 0-0 12. Qd3 Rac8 13. g4 Nh4 14. Nxh4 Bxh4 15. Ba3 Be7 16. Bxe7 Nxe7 17. f4 Bb5 18. Qxb5 Qxb5 19. Bxb5 Rxc2 20. Bd3 Rc3 21. Rad1 g6 22. Kf2 Nc6 23. Bb1 f6 24. exf6 Rxf6 25. Kg2 Rf7 26. h4 Nb4 27. Rf3 Rfc7 28. f5 Rxf3 29. Kxf3 exf5 30. gxf5 Rf7 31. a3 Nc6 32. Kg4 gxf5+ 33. Bxf5 Re7 34. Rd3 Rg7+ 35. Kh5 Ne7 36. Be6+ Kf8 37. Rf3+ Ke8 38. Kh6 Rg6+ 39. Kxh7 Rxe6 40. h5 Re4 41. h6 Rxd4 42. Kh8 Rg4 43. Re3 Kd7 44. Rf3 Ng6+ 45. Kh7 Ne7 46. Rf6 d4 47. Kh8 d3 48. Rf3 Ng6+ 49. Kh7 Ne5 50. Rf2 Kd6 51. Rf8 d2 52. Rf1 Kd5 53. b4 Nd3 54. Rd1 Rg2 0-1

[Event "Vilafranca del Penedes op 5th"]
[Site "Vilafranca del Penedes"]
[Date "2011.04.08"]
[Round "1.3"]
[White "Trevino Martinez, Cristobal"]
[Black "Avila Jimenez, Xavier"]
[Result "0-1"]
[WhiteElo "1731"]
[BlackElo "2227"]
[PlyCount "64"]
[EventDate "2011.04.08"]
[EventType "swiss"]
[EventRounds "8"]
[EventCountry "ESP"]
[SourceTitle "EXT 2024"]
[Source "ChessBase"]
[SourceDate "2023.10.10"]
[SourceVersion "1"]
[SourceVersionDate "2023.10.10"]
[SourceQuality "1"]

1. c4 c6 2. Nc3 d5 3. cxd5 cxd5 4. d4 Nc6 5. Nf3 Nf6 6. e3 a6 7. a3 Bg4 8. Be2 e6 9. 0-0 Bd6 10. h3 Bh5 11. Nd2 Bxe2 12. Qxe2 g5 13. g3 Qc7 14. Qf3 Qe7 15. Ne2 h5 16. Qg2 0-0-0 17. e4 Nxe4 18. Nxe4 dxe4 19. Qxe4 f5 20. Qg2 f4 21. Kh1 Qf6 22. Ng1 Nxd4 23. f3 Nf5 24. gxf4 gxf4 25. Qc2+ Kb8 26. Ne2 Qh4 27. Kh2 Nd4 28. Nxd4 Qg3+ 29. Kh1 Qxh3+ 30. Kg1 Rhg8+ 31. Kf2 Rg2+ 32. Ke1 Rxc2 0-1